| 000 | 00417nam a2200181Ia 4500 | ||
|---|---|---|---|
| 100 | _aLesikar/Raymond | ||
| 650 | _aBusiness Communication | ||
| 250 | _a10 | ||
| 942 | _cBK | ||
| 366 | _f20 | ||
| 654 | _abusiness communication | ||
| 245 | _aBasic Business Communication | ||
| 260 |
_bTata Mc Graw hill Ltd. _aNew Delhi _c2005 |
||
| 082 |
_a372.6/LES _bLES |
||
| 300 | _a606 | ||
| 546 | _aENGLISH | ||
| 999 |
_c29172 _d29172 |
||